| 000 | 00477nam a22001697a 4500 | ||
|---|---|---|---|
| 003 | NUST - PNEC | ||
| 005 | 20170116180905.0 | ||
| 008 | 150902b xxu||||| |||| 00| 0 eng d | ||
| 020 | _a0748753044 | ||
| 040 | _cLIBRARY | ||
| 082 | _a613.7 HON | ||
| 100 |
_96618 _aHoneybourne, John |
||
| 245 |
_aAdvanced physical education & sport _cJohn Honeybourne |
||
| 250 | _a2nd ed. | ||
| 650 |
_96623 _aPhysical education and training--Study and teaching _xGeneral |
||
| 942 |
_2ddc _cBK |
||
| 999 |
_c65082 _d65082 |
||